000 02093nam a2200373 a 4500
001 000015981
003 DO-SdBNP
005 20250502073819.0
006 a||||gr|||| 00| 0
007 ta
008 100222t1980 dr 001 0 spa d
040 _aDO-SdBNP
_bspa
_cBNPHU
_erda
082 4 _a352.34
_bJ17p, 1980
_222
100 1 _aJácome Martínez, José María
_935878
_eautor
245 1 0 _aPlanificación administrativa /
_cJosé María Jácome Martínez ; prólogo, Ramón Pérez Minaya.
250 _a2ª. edición
264 1 _aSanto Domingo :
_bONAP,
_c1980.
300 _a100 páginas ;
_c23 cm.
336 _2rdacontent
_atexto
_btxt
337 _2rdamedia
_asin medación
_bn
338 _2rdacarrier
_avolumen
_bnc
490 _aEstudios administrativos ;
_v3
504 _aIncluye referencias bibliográficas y notas al pie de las páginas.
505 0 _gPrólogo /
_rRamón Pérez Minaya --
_tI.- La planificación económica y la planificación administrativa --
_tLos objetivos de la planificación administrativa --
_tLa aceptación de un proceso nuevo --
_tLa estrategia de la planificación administrativa --
_tLa metodología --
_tLos recursos --
_tAspectos de la planificación administrativa en América Latina --
_tII.- La planificación, una reforma administrativa importante --
_tEl desarrollo de la planificación nacional, regional y local --
_tLa planificación nacional --
_tLa planificación regional --
_tLa planificación municipal --
_tLa integración de la planificación nacional, regional y municipal.
590 _aInventariado 2024 / MF
650 4 _aPlanificación
_vEnsayos, Conferencias, etc.
_935903
650 4 _aAdministración
_vEnsayos, Conferencias, etc.
_935904
650 4 _aAdministración pública
_vEnsayos, Conferencias, etc.
_935905
651 4 _aRepública Dominicana
_xPolítica Y Gobierno
_vEnsayos, Conferencias, etc.
_9205
700 1 _aPérez Minaya, Ramón,
_eprólogo
_99437
710 1 _aRepública Dominicana.
_bOficina Nacional de Administración y Personal
_926398
910 _aValidado. Control de calidad. EMS
942 _2ddc
_cLBS1
999 _c15523
_d15523